header

Fatigue of structures and materials (Record no. 49170)

MARC details
000 -LEADER
fixed length control field 01124nam a22002894a 4500
082 04 - DEWEY DECIMAL CLASSIFICATION NUMBER
Classification number 620.1/126
100 1# - MAIN ENTRY--AUTHOR NAME
Personal name Schijve, Jaap.
245 10 - TITLE STATEMENT
Title Fatigue of structures and materials
260 ## - PUBLICATION, DISTRIBUTION, ETC. (IMPRINT)
Place of publication Dordrecht ;
-- Boston, MA :
Name of publisher Kluwer Academic,
Year of publication 2001.
300 ## - PHYSICAL DESCRIPTION
Number of Pages xiv, 513 p. :
Other physical details ill.
650 #0 - SUBJECT ADDED ENTRY--TOPICAL TERM
Topical Term Materials
856 40 - ELECTRONIC LOCATION AND ACCESS
Uniform Resource Identifier http://site.ebrary.com/lib/rucke/Doc?id=10067462

No items available.

© 2026 Rongo University
Contact us: librarian | system librarian | Rongo university